[Event "DEM U10 2024"]
[Site "Willingen GER"]
[Date "2024.05.24"]
[Round "9"]
[White "Rössling, Johannes"]
[Black "Schonlau, Leopold"]
[Result "1-0"]
[Termination "normal"]
[Board "28"]
[WhiteElo "1579"]
[BlackElo "1359"]
[WhiteClock "00:41:40"]
[BlackClock "01:04:04"]
[PlyCount "117"]
[WhiteFideId "34642773"]
[BlackFideId "34662545"]
[EventCountry "GER"]
[EventRounds "11"]
[EventType "swiss"]
[EventDate "2024.05.18"]

1. e4 {[%clk 01:15:59]} e5 {[%clk 01:15:57]} {[%emt 00:00:03]} 2. Nf3 {[%clk
01:16:24]} {[%emt 00:00:06]} Nc6 {[%clk 01:16:23]} {[%emt 00:00:04]} 3. Bc4
{[%clk 01:16:49]} {[%emt 00:00:05]} Nf6 {[%clk 01:16:48]} {[%emt 00:00:05]} 4.
d3 {[%clk 01:16:27]} {[%emt 00:00:51]} d5 {[%clk 01:16:54]} {[%emt 00:00:24]}
5. exd5 {[%clk 01:16:48]} {[%emt 00:00:10]} Nxd5 {[%clk 01:17:20]} {[%emt
00:00:04]} 6. O-O {[%clk 01:17:04]} {[%emt 00:00:14]} Bc5 {[%clk 01:17:37]}
{[%emt 00:00:13]} 7. h3 {[%clk 01:17:19]} {[%emt 00:00:13]} O-O {[%clk
01:16:42]} {[%emt 00:01:26]} 8. Bg5 {[%clk 01:17:07]} {[%emt 00:00:41]} Qd6
{[%clk 01:16:08]} {[%emt 00:01:03]} 9. Nbd2 {[%clk 01:16:10]} {[%emt 00:01:28]}
Bb6 {[%clk 01:09:00]} {[%emt 00:07:38]} 10. Ne4 {[%clk 01:15:45]} {[%emt
00:00:56]} Qd7 {[%clk 01:09:16]} {[%emt 00:00:14]} 11. Re1 {[%clk 01:09:05]}
{[%emt 00:07:10]} Nf4 {[%clk 01:07:32]} {[%emt 00:02:15]} 12. Ng3 {[%clk
00:51:57]} {[%emt 00:17:37]} h6 {[%clk 01:01:16]} {[%emt 00:06:44]} 13. Nxe5
{[%clk 00:46:17]} {[%emt 00:06:12]} Nxe5 {[%clk 01:01:25]} {[%emt 00:00:21]}
14. Bxf4 {[%clk 00:46:39]} {[%emt 00:00:08]} Nxc4 {[%clk 01:01:43]} {[%emt
00:00:11]} 15. dxc4 {[%clk 00:47:00]} {[%emt 00:00:11]} Qxd1 {[%clk 01:01:49]}
{[%emt 00:00:23]} 16. Raxd1 {[%clk 00:46:53]} {[%emt 00:00:37]} Be6 {[%clk
01:01:46]} {[%emt 00:00:33]} 17. b3 {[%clk 00:46:29]} {[%emt 00:00:55]} a5
{[%clk 01:01:51]} {[%emt 00:00:25]} 18. a4 {[%clk 00:45:52]} {[%emt 00:01:07]}
g5 {[%clk 01:01:44]} {[%emt 00:00:36]} 19. Be5 {[%clk 00:44:41]} {[%emt
00:01:41]} h5 {[%clk 01:01:19]} {[%emt 00:00:55]} 20. Nxh5 {[%clk 00:42:56]}
{[%emt 00:02:15]} Kh7 {[%clk 00:54:28]} {[%emt 00:01:44]} 21. Nf6+ {[%clk
00:38:22]} {[%emt 00:10:42]} Kg6 {[%clk 00:54:21]} {[%emt 00:00:36]} 22. Nd7
{[%clk 00:37:51]} {[%emt 00:01:02]} Bxd7 {[%clk 00:54:29]} {[%emt 00:00:21]}
23. Rxd7 {[%clk 00:38:05]} {[%emt 00:00:17]} Rfe8 {[%clk 00:54:35]} {[%emt
00:00:23]} 24. Bc3 {[%clk 00:37:08]} {[%emt 00:01:27]} Rxe1+ {[%clk 00:53:55]}
{[%emt 00:01:11]} 25. Bxe1 {[%clk 00:37:31]} {[%emt 00:00:07]} Re8 {[%clk
00:54:22]} {[%emt 00:00:03]} 26. Kf1 {[%clk 00:37:15]} {[%emt 00:00:45]} f5
{[%clk 00:54:33]} {[%emt 00:00:19]} 27. c5 {[%clk 00:36:28]} {[%emt 00:01:18]}
Bxc5 {[%clk 00:54:47]} {[%emt 00:00:16]} 28. Rxc7 {[%clk 00:36:49]} {[%emt
00:00:08]} Bb4 {[%clk 00:54:53]} {[%emt 00:00:22]} 29. Bxb4 {[%clk 00:37:08]}
{[%emt 00:00:13]} axb4 {[%clk 00:55:17]} {[%emt 00:00:06]} 30. Rxb7 {[%clk
00:37:31]} {[%emt 00:00:08]} Rc8 {[%clk 00:55:18]} {[%emt 00:00:29]} 31. Rxb4
{[%clk 00:37:48]} {[%emt 00:00:13]} Rxc2 {[%clk 00:55:41]} {[%emt 00:00:07]}
32. Rb6+ {[%clk 00:38:08]} {[%emt 00:00:10]} Kf7 {[%clk 00:56:00]} {[%emt
00:00:10]} 33. a5 {[%clk 00:38:29]} {[%emt 00:00:10]} Ra2 {[%clk 00:56:24]}
{[%emt 00:00:06]} 34. a6 {[%clk 00:38:42]} {[%emt 00:00:17]} Ke8 {[%clk
00:56:45]} {[%emt 00:00:09]} 35. b4 {[%clk 00:39:04]} {[%emt 00:00:08]} Kd8
{[%clk 00:56:56]} {[%emt 00:00:19]} 36. b5 {[%clk 00:39:25]} {[%emt 00:00:09]}
Kc7 {[%clk 00:57:16]} {[%emt 00:00:09]} 37. Rg6 {[%clk 00:39:46]} {[%emt
00:00:10]} Ra5 {[%clk 00:57:20]} {[%emt 00:00:26]} 38. Rxg5 {[%clk 00:39:57]}
{[%emt 00:00:19]} Rxb5 {[%clk 00:57:36]} {[%emt 00:00:14]} 39. h4 {[%clk
00:40:18]} {[%emt 00:00:08]} Ra5 {[%clk 00:58:00]} {[%emt 00:00:06]} 40. Rg6
{[%clk 00:40:36]} {[%emt 00:00:12]} Kd7 {[%clk 00:58:16]} {[%emt 00:00:15]} 41.
h5 {[%clk 00:40:56]} {[%emt 00:00:10]} Ke7 {[%clk 00:58:43]} {[%emt 00:00:03]}
42. h6 {[%clk 00:41:14]} {[%emt 00:00:12]} Kf7 {[%clk 00:59:07]} {[%emt
00:00:06]} 43. h7 {[%clk 00:41:24]} {[%emt 00:00:19]} Kxg6 {[%clk 00:59:24]}
{[%emt 00:00:13]} 44. h8=Q {[%emt 00:00:15]} Rxa6 {[%clk 00:59:39]} {[%emt
00:00:13]} 45. Qg8+ {[%clk 00:40:41]} {[%emt 00:01:30]} Kh6 {[%clk 00:59:59]}
{[%emt 00:00:10]} 46. g4 {[%clk 00:40:07]} {[%emt 00:01:04]} fxg4 {[%clk
01:00:15]} {[%emt 00:00:14]} 47. Qxg4 {[%clk 00:40:28]} {[%emt 00:00:09]} Ra1+
{[%clk 01:00:28]} {[%emt 00:00:17]} 48. Kg2 {[%clk 00:40:47]} {[%emt 00:00:12]}
Kh7 {[%clk 01:00:44]} {[%emt 00:00:12]} 49. Qd7+ {[%clk 00:40:50]} {[%emt
00:00:28]} Kh6 {[%clk 01:01:00]} {[%emt 00:00:15]} 50. Qe6+ {[%clk 00:41:04]}
{[%emt 00:00:15]} Kh5 {[%clk 01:01:14]} {[%emt 00:00:17]} 51. Qe5+ {[%clk
00:41:27]} {[%emt 00:00:06]} Kh6 {[%clk 01:01:32]} {[%emt 00:00:12]} 52. Qxa1
{[%clk 00:41:52]} {[%emt 00:00:06]} Kg6 {[%clk 01:01:49]} {[%emt 00:00:12]} 53.
Qe5 {[%clk 00:42:13]} {[%emt 00:00:09]} Kf7 {[%clk 01:02:13]} {[%emt 00:00:07]}
54. Kg3 {[%clk 00:42:34]} {[%emt 00:00:08]} Kg6 {[%clk 01:02:37]} {[%emt
00:00:06]} 55. Kh4 {[%clk 00:42:21]} {[%emt 00:00:42]} Kf7 {[%clk 01:03:00]}
{[%emt 00:00:07]} 56. Kg5 {[%clk 00:41:25]} {[%emt 00:01:27]} Kf8 {[%clk
01:03:20]} {[%emt 00:00:09]} 57. Qc7 {[%clk 00:41:33]} {[%emt 00:00:23]} Ke8
{[%clk 01:03:42]} {[%emt 00:00:08]} 58. Kg6 {[%clk 00:41:45]} {[%emt 00:00:18]}
Kf8 {[%clk 01:04:04]} {[%emt 00:00:08]} 59. Qf7# {[%clk 00:41:40]} {[%emt
00:00:05]} 1-0

[Event "DEM U10 2024"]
[Site "Willingen GER"]
[Date "2024.05.24"]
[Round "9"]
[White "Dutta, Nikhil"]
[Black "Köbel, John"]
[Result "1-0"]
[Termination "normal"]
[Board "29"]
[WhiteElo "1283"]
[BlackElo "1110"]
[WhiteClock "00:39:12"]
[BlackClock "00:29:23"]
[PlyCount "63"]
[WhiteFideId "34665501"]
[BlackFideId "34641394"]
[EventCountry "GER"]
[EventRounds "11"]
[EventType "swiss"]
[EventDate "2024.05.18"]

1. e4 {[%clk 01:15:58]} {[%emt 00:00:03]} c5 {[%clk 01:15:55]} {[%emt
00:00:06]} 2. Nf3 {[%clk 01:16:20]} {[%emt 00:00:06]} e6 {[%clk 01:16:19]}
{[%emt 00:00:06]} 3. d4 {[%clk 01:16:43]} {[%emt 00:00:07]} cxd4 {[%clk
01:16:43]} {[%emt 00:00:06]} 4. Nxd4 {[%clk 01:17:07]} {[%emt 00:00:07]} Nc6
{[%clk 01:17:06]} {[%emt 00:00:07]} 5. Nc3 {[%clk 01:17:29]} {[%emt 00:00:08]}
Qc7 {[%clk 01:17:16]} {[%emt 00:00:19]} 6. Be3 {[%clk 01:17:39]} {[%emt
00:00:21]} a6 {[%clk 01:17:31]} {[%emt 00:00:16]} 7. Qd2 {[%clk 01:17:39]}
{[%emt 00:00:30]} b5 {[%clk 01:12:12]} {[%emt 00:05:49]} 8. f3 {[%clk
01:17:31]} {[%emt 00:00:37]} Nf6 {[%clk 01:12:24]} {[%emt 00:00:18]} 9. O-O-O
{[%clk 01:17:25]} {[%emt 00:00:36]} Ne5 {[%clk 01:12:44]} {[%emt 00:00:10]} 10.
h4 {[%clk 01:13:24]} {[%emt 00:04:31]} Bb7 {[%clk 01:11:57]} {[%emt 00:01:18]}
11. Kb1 {[%clk 01:12:03]} {[%emt 00:01:51]} Rc8 {[%clk 01:11:12]} {[%emt
00:01:14]} 12. g4 {[%clk 01:10:27]} {[%emt 00:02:08]} Nc4 {[%clk 01:11:21]}
{[%emt 00:00:21]} 13. Bxc4 {[%clk 01:07:52]} {[%emt 00:03:05]} Qxc4 {[%clk
01:11:41]} {[%emt 00:00:09]} 14. a3 {[%clk 01:07:27]} {[%emt 00:00:56]} b4
{[%clk 01:10:39]} {[%emt 00:01:32]} 15. axb4 {[%clk 01:07:44]} {[%emt
00:00:13]} Bxb4 {[%clk 01:11:02]} {[%emt 00:00:07]} 16. Nde2 {[%clk 01:07:17]}
{[%emt 00:00:55]} d5 {[%clk 00:54:00]} {[%emt 00:17:32]} 17. exd5 {[%clk
01:05:30]} {[%emt 00:02:18]} Nxd5 {[%clk 00:52:40]} {[%emt 00:01:50]} 18. Rhe1
{[%clk 00:56:22]} {[%emt 00:09:38]} Nxe3 {[%clk 00:52:00]} {[%emt 00:01:10]}
19. Qxe3 {[%clk 00:56:05]} {[%emt 00:00:47]} O-O {[%clk 00:51:54]} {[%emt
00:00:37]} 20. h5 {[%clk 00:54:35]} {[%emt 00:02:00]} Bd5 {[%clk 00:49:54]}
{[%emt 00:02:29]} 21. g5 {[%clk 00:52:43]} {[%emt 00:02:22]} a5 {[%clk
00:48:12]} {[%emt 00:02:13]} 22. Rd4 {[%clk 00:49:51]} {[%emt 00:03:22]} Qc5
{[%clk 00:47:02]} {[%emt 00:01:40]} 23. Rf1 {[%clk 00:47:49]} {[%emt 00:02:32]}
Bc4 {[%clk 00:46:51]} {[%emt 00:00:40]} 24. Ne4 {[%clk 00:46:13]} {[%emt
00:02:06]} Qb6 {[%clk 00:46:51]} {[%emt 00:00:30]} 25. N4g3 {[%clk 00:44:41]}
{[%emt 00:02:02]} Bc5 {[%clk 00:43:23]} {[%emt 00:03:58]} 26. h6 {[%clk
00:42:57]} {[%emt 00:02:15]} Bxd4 {[%clk 00:41:58]} {[%emt 00:01:54]} 27. Nxd4
{[%clk 00:42:14]} {[%emt 00:01:13]} Rb8 {[%clk 00:39:52]} {[%emt 00:02:37]} 28.
Qc3 {[%clk 00:41:57]} {[%emt 00:00:47]} e5 {[%clk 00:38:43]} {[%emt 00:01:38]}
29. Ndf5 {[%clk 00:41:22]} {[%emt 00:01:03]} Qc7 {[%clk 00:29:14]} {[%emt
00:10:02]} 30. Nh5 {[%clk 00:39:39]} {[%emt 00:02:12]} Rxb2+ {[%clk 00:29:01]}
{[%emt 00:00:44]} 31. Kxb2 {[%clk 00:39:28]} {[%emt 00:00:41]} Rb8+ {[%clk
00:29:23]} {[%emt 00:00:07]} 32. Kc1 {[%clk 00:39:12]} {[%emt 00:00:46]} 1-0

[Event "DEM U10 2024"]
[Site "Willingen GER"]
[Date "2024.05.24"]
[Round "10"]
[White "Naumann, Lennart"]
[Black "Steinbrenner, Peter"]
[Result "0-1"]
[Termination "normal"]
[Board "1"]
[WhiteElo "1707"]
[BlackElo "1941"]
[WhiteClock "00:02:41"]
[BlackClock "00:27:57"]
[PlyCount "44"]
[WhiteFideId "34644830"]
[BlackFideId "34645535"]
[EventCountry "GER"]
[EventRounds "11"]
[EventType "swiss"]
[EventDate "2024.05.18"]

1. e4 {[%clk 01:15:58]} c5 {[%clk 01:15:51]} {[%emt 00:00:10]} 2. Nc3 {[%clk
01:16:21]} {[%emt 00:00:07]} a6 {[%clk 01:16:14]} {[%emt 00:00:08]} 3. g3
{[%clk 01:16:33]} {[%emt 00:00:17]} b5 {[%clk 01:16:40]} {[%emt 00:00:05]} 4.
Bg2 {[%clk 01:16:52]} {[%emt 00:00:10]} e6 {[%clk 01:17:03]} {[%emt 00:00:07]}
5. d3 {[%clk 01:16:43]} {[%emt 00:00:39]} Bb7 {[%clk 01:17:24]} {[%emt
00:00:10]} 6. f4 {[%clk 01:17:06]} {[%emt 00:00:06]} d5 {[%clk 01:16:34]}
{[%emt 00:01:21]} 7. f5 {[%clk 01:15:33]} {[%emt 00:02:02]} d4 {[%clk
01:15:32]} {[%emt 00:01:32]} 8. fxe6 {[%clk 01:15:33]} {[%emt 00:00:30]} fxe6
{[%clk 01:07:26]} {[%emt 00:08:37]} 9. Nce2 {[%clk 01:14:44]} {[%emt 00:01:18]}
e5 {[%clk 01:03:30]} {[%emt 00:04:27]} 10. Nf3 {[%clk 01:14:40]} {[%emt
00:00:32]} Bd6 {[%clk 01:03:39]} {[%emt 00:00:23]} 11. O-O {[%clk 01:14:31]}
{[%emt 00:00:37]} Nf6 {[%clk 01:03:56]} {[%emt 00:00:15]} 12. Nh4 {[%clk
01:05:01]} {[%emt 00:09:58]} O-O {[%clk 00:57:31]} {[%emt 00:06:57]} 13. Nf5
{[%clk 01:00:03]} {[%emt 00:05:26]} Nc6 {[%clk 00:45:53]} {[%emt 00:12:09]} 14.
Bg5 {[%clk 00:52:44]} {[%emt 00:07:48]} c4 {[%clk 00:41:34]} {[%emt 00:04:50]}
15. a3 {[%clk 00:38:09]} {[%emt 00:15:05]} Na5 {[%clk 00:39:39]} {[%emt
00:02:26]} 16. dxc4 {[%clk 00:31:04]} {[%emt 00:07:34]} bxc4 {[%clk 00:38:32]}
{[%emt 00:01:38]} 17. Qd2 {[%clk 00:28:18]} {[%emt 00:03:14]} d3 {[%clk
00:30:30]} {[%emt 00:08:33]} 18. Nxd6 {[%clk 00:20:18]} {[%emt 00:08:30]} Qxd6
{[%clk 00:30:18]} {[%emt 00:00:41]} 19. Bxf6 {[%clk 00:06:08]} {[%emt
00:14:40]} Qb6+ {[%clk 00:29:22]} {[%emt 00:01:25]} 20. Kh1 {[%clk 00:05:41]}
{[%emt 00:00:58]} dxe2 {[%clk 00:29:17]} {[%emt 00:00:35]} 21. Rf5 {[%clk
00:04:59]} {[%emt 00:01:10]} Rxf6 {[%clk 00:29:04]} {[%emt 00:00:45]} 22. Rxe5
{[%clk 00:02:41]} {[%emt 00:02:47]} Qxb2 {[%clk 00:27:57]} {[%emt 00:01:38]}
0-1

[Event "DEM U10 2024"]
[Site "Willingen GER"]
[Date "2024.05.24"]
[Round "10"]
[White "Aguike, Toshiya"]
[Black "Chakhalov, Mikael"]
[Result "1/2-1/2"]
[Termination "normal"]
[Board "3"]
[WhiteElo "1786"]
[BlackElo "1747"]
[WhiteClock "00:22:11"]
[BlackClock "00:05:42"]
[PlyCount "95"]
[WhiteFideId "34611347"]
[BlackFideId "34644458"]
[EventCountry "GER"]
[EventRounds "11"]
[EventType "swiss"]
[EventDate "2024.05.18"]

1. e4 {[%clk 01:15:44]} {[%emt 00:00:14]} e6 {[%clk 01:15:16]} {[%emt
00:00:44]} 2. d4 {[%clk 01:16:04]} {[%emt 00:00:11]} d5 {[%clk 01:15:37]}
{[%emt 00:00:09]} 3. e5 {[%clk 01:16:29]} {[%emt 00:00:05]} c5 {[%clk
01:16:02]} {[%emt 00:00:05]} 4. c3 {[%clk 01:16:56]} {[%emt 00:00:04]} Qb6
{[%clk 01:16:06]} {[%emt 00:00:25]} 5. Nf3 {[%clk 01:17:08]} {[%emt 00:00:18]}
Nc6 {[%clk 01:16:13]} {[%emt 00:00:22]} 6. a3 {[%clk 01:17:24]} {[%emt
00:00:15]} c4 {[%clk 01:16:29]} {[%emt 00:00:14]} 7. Nbd2 {[%clk 01:16:29]}
{[%emt 00:01:24]} Na5 {[%clk 01:16:27]} {[%emt 00:00:32]} 8. Be2 {[%clk
01:16:05]} {[%emt 00:00:54]} Bd7 {[%clk 01:16:18]} {[%emt 00:00:39]} 9. O-O
{[%clk 01:15:30]} {[%emt 00:01:05]} Ne7 {[%clk 01:16:21]} {[%emt 00:00:27]} 10.
Re1 {[%clk 01:12:41]} {[%emt 00:03:19]} h6 {[%clk 01:15:14]} {[%emt 00:01:38]}
11. Bf1 {[%clk 01:12:14]} {[%emt 00:00:57]} O-O-O {[%clk 01:14:49]} {[%emt
00:00:55]} 12. a4 {[%clk 01:10:57]} {[%emt 00:01:47]} g5 {[%clk 01:14:13]}
{[%emt 00:01:05]} 13. g3 {[%clk 01:09:58]} {[%emt 00:01:30]} Nf5 {[%clk
01:13:28]} {[%emt 00:01:14]} 14. g4 {[%clk 01:05:49]} {[%emt 00:04:40]} Ne7
{[%clk 01:12:20]} {[%emt 00:01:38]} 15. Bg2 {[%clk 00:57:26]} {[%emt 00:08:53]}
Ng6 {[%clk 01:12:01]} {[%emt 00:00:49]} 16. Nf1 {[%clk 00:56:41]} {[%emt
00:01:16]} Nb3 {[%clk 01:11:14]} {[%emt 00:01:18]} 17. Ra2 {[%clk 00:56:34]}
{[%emt 00:00:34]} Nxc1 {[%clk 01:09:54]} {[%emt 00:01:52]} 18. Qxc1 {[%clk
00:56:19]} {[%emt 00:00:45]} Nf4 {[%clk 01:09:29]} {[%emt 00:00:55]} 19. Qa1
{[%clk 00:56:12]} {[%emt 00:00:34]} Be7 {[%clk 01:01:50]} {[%emt 00:08:12]} 20.
Ng3 {[%clk 00:55:18]} {[%emt 00:01:23]} h5 {[%clk 01:00:37]} {[%emt 00:01:44]}
21. Nxh5 {[%clk 00:49:49]} {[%emt 00:05:59]} Nxh5 {[%clk 01:00:21]} {[%emt
00:00:46]} 22. gxh5 {[%clk 00:50:05]} {[%emt 00:00:14]} g4 {[%clk 00:59:57]}
{[%emt 00:00:55]} 23. Nd2 {[%clk 00:49:29]} {[%emt 00:01:06]} Rxh5 {[%clk
01:00:07]} {[%emt 00:00:20]} 24. a5 {[%clk 00:48:09]} {[%emt 00:01:50]} Qc7
{[%clk 00:58:54]} {[%emt 00:01:37]} 25. f3 {[%clk 00:47:18]} {[%emt 00:01:27]}
Rg8 {[%clk 00:55:12]} {[%emt 00:04:11]} 26. f4 {[%clk 00:46:23]} {[%emt
00:01:24]} Bh4 {[%clk 00:48:52]} {[%emt 00:06:51]} 27. Rd1 {[%clk 00:42:56]}
{[%emt 00:03:55]} Rf5 {[%clk 00:43:11]} {[%emt 00:06:14]} 28. Rf1 {[%clk
00:42:16]} {[%emt 00:01:08]} Qd8 {[%clk 00:42:53]} {[%emt 00:00:49]} 29. b3
{[%clk 00:42:16]} {[%emt 00:00:30]} cxb3 {[%clk 00:42:52]} {[%emt 00:00:31]}
30. Nxb3 {[%clk 00:42:12]} {[%emt 00:00:34]} Bb5 {[%clk 00:42:14]} {[%emt
00:01:08]} 31. Rb1 {[%clk 00:41:06]} {[%emt 00:01:36]} Rxf4 {[%clk 00:35:57]}
{[%emt 00:06:48]} 32. Nc5 {[%clk 00:41:13]} {[%emt 00:00:22]} Bc6 {[%clk
00:34:36]} {[%emt 00:01:51]} 33. Rab2 {[%clk 00:39:33]} {[%emt 00:02:09]} Qc7
{[%clk 00:29:02]} {[%emt 00:06:05]} 34. Nxb7 {[%clk 00:38:33]} {[%emt
00:01:30]} Bxb7 {[%clk 00:29:10]} {[%emt 00:00:22]} 35. Rxb7 {[%clk 00:38:43]}
{[%emt 00:00:20]} Qxb7 {[%clk 00:29:35]} {[%emt 00:00:05]} 36. Rxb7 {[%clk
00:39:06]} {[%emt 00:00:07]} Kxb7 {[%clk 00:30:01]} {[%emt 00:00:04]} 37. Qb2+
{[%clk 00:38:59]} {[%emt 00:00:31]} Kc7 {[%clk 00:29:17]} {[%emt 00:01:13]} 38.
c4 {[%clk 00:38:28]} {[%emt 00:01:07]} Bf2+ {[%clk 00:19:05]} {[%emt 00:10:43]}
39. Kh1 {[%clk 00:36:48]} {[%emt 00:02:07]} Bxd4 {[%clk 00:15:46]} {[%emt
00:03:51]} 40. Qc1 {[%clk 00:36:52]} {[%emt 00:00:26]} Bxe5 {[%clk 00:14:41]}
{[%emt 00:01:35]} 41. cxd5+ {[%clk 00:35:59]} {[%emt 00:01:23]} Kd7 {[%clk
00:15:02]} {[%emt 00:00:09]} 42. Qc6+ {[%clk 00:34:53]} {[%emt 00:01:36]} Ke7
{[%clk 00:15:00]} {[%emt 00:00:31]} 43. Qb7+ {[%clk 00:34:27]} {[%emt
00:00:57]} Kf6 {[%clk 00:15:16]} {[%emt 00:00:15]} 44. dxe6 {[%clk 00:33:57]}
{[%emt 00:00:59]} fxe6 {[%clk 00:14:38]} {[%emt 00:01:08]} 45. Qxa7 {[%clk
00:30:28]} {[%emt 00:04:00]} Rc8 {[%clk 00:08:24]} {[%emt 00:06:44]} 46. Qe3
{[%clk 00:23:16]} {[%emt 00:07:41]} Rc3 {[%clk 00:08:25]} {[%emt 00:00:30]} 47.
Qd2 {[%clk 00:22:05]} {[%emt 00:01:39]} Ra3 {[%clk 00:05:42]} {[%emt 00:03:15]}
48. Qd8+ {[%clk 00:22:11]} {[%emt 00:00:23]} 1/2-1/2

[Event "DEM U10 2024"]
[Site "Willingen GER"]
[Date "2024.05.24"]
[Round "10"]
[White "Zargaran, Sepas"]
[Black "Shivkumar, Shreyas"]
[Result "1/2-1/2"]
[Termination "normal"]
[Board "4"]
[WhiteElo "1810"]
[BlackElo "1728"]
[WhiteClock "00:00:50"]
[BlackClock "00:25:00"]
[PlyCount "88"]
[WhiteFideId "34625275"]
[BlackFideId "34638407"]
[EventCountry "GER"]
[EventRounds "11"]
[EventType "swiss"]
[EventDate "2024.05.18"]

1. e4 {[%clk 01:15:57]} {[%emt 00:00:02]} c5 {[%clk 01:15:55]} {[%emt
00:00:06]} 2. Be2 {[%clk 01:15:11]} {[%emt 00:01:17]} g6 {[%clk 01:15:35]}
{[%emt 00:00:50]} 3. d3 {[%clk 01:15:30]} {[%emt 00:00:10]} Bg7 {[%clk
01:15:52]} {[%emt 00:00:13]} 4. f4 {[%clk 01:15:45]} {[%emt 00:00:15]} Nc6
{[%clk 01:16:08]} {[%emt 00:00:14]} 5. Nf3 {[%clk 01:16:03]} {[%emt 00:00:11]}
d6 {[%clk 01:15:48]} {[%emt 00:00:52]} 6. O-O {[%clk 01:16:19]} {[%emt
00:00:13]} e6 {[%clk 01:15:44]} {[%emt 00:00:33]} 7. c3 {[%clk 01:16:09]}
{[%emt 00:00:41]} Nge7 {[%clk 01:15:04]} {[%emt 00:01:10]} 8. Be3 {[%clk
01:15:39]} {[%emt 00:00:59]} b6 {[%clk 01:14:47]} {[%emt 00:00:49]} 9. d4
{[%clk 01:13:58]} {[%emt 00:02:11]} f5 {[%clk 01:14:33]} {[%emt 00:00:43]} 10.
e5 {[%clk 01:13:13]} {[%emt 00:01:15]} Nd5 {[%clk 01:14:42]} {[%emt 00:00:22]}
11. Qd2 {[%clk 01:09:40]} {[%emt 00:03:52]} O-O {[%clk 01:10:07]} {[%emt
00:05:15]} 12. Bf2 {[%clk 00:58:28]} {[%emt 00:11:40]} Bh6 {[%clk 01:06:38]}
{[%emt 00:04:01]} 13. g3 {[%clk 00:58:41]} {[%emt 00:00:17]} dxe5 {[%clk
01:06:17]} {[%emt 00:00:51]} 14. dxe5 {[%clk 00:54:17]} {[%emt 00:04:53]} Qc7
{[%clk 01:03:10]} {[%emt 00:03:38]} 15. Qc2 {[%clk 00:49:12]} {[%emt 00:05:26]}
Bb7 {[%clk 01:00:11]} {[%emt 00:03:39]} 16. Na3 {[%clk 00:48:17]} {[%emt
00:01:25]} a6 {[%clk 00:59:53]} {[%emt 00:00:47]} 17. Nc4 {[%clk 00:48:09]}
{[%emt 00:00:37]} Rad8 {[%clk 00:55:57]} {[%emt 00:04:27]} 18. Rad1 {[%clk
00:46:09]} {[%emt 00:02:29]} Kh8 {[%clk 00:48:36]} {[%emt 00:07:51]} 19. Nd6
{[%clk 00:43:02]} {[%emt 00:03:35]} Ba8 {[%clk 00:47:19]} {[%emt 00:01:50]} 20.
h4 {[%clk 00:35:35]} {[%emt 00:07:55]} Na7 {[%clk 00:42:41]} {[%emt 00:05:10]}
21. Ng5 {[%clk 00:23:52]} {[%emt 00:12:10]} Bxg5 {[%clk 00:41:46]} {[%emt
00:01:28]} 22. hxg5 {[%clk 00:23:56]} {[%emt 00:00:25]} h6 {[%clk 00:40:54]}
{[%emt 00:01:23]} 23. gxh6 {[%clk 00:23:33]} {[%emt 00:00:52]} Qh7 {[%clk
00:40:51]} {[%emt 00:00:34]} 24. Bf3 {[%clk 00:21:31]} {[%emt 00:02:32]} Qxh6
{[%clk 00:39:56]} {[%emt 00:01:25]} 25. Kg2 {[%clk 00:21:22]} {[%emt 00:00:37]}
Kg8 {[%clk 00:36:44]} {[%emt 00:03:43]} 26. Rh1 {[%clk 00:19:26]} {[%emt
00:02:24]} Qg7 {[%clk 00:36:36]} {[%emt 00:00:39]} 27. Rh3 {[%clk 00:16:34]}
{[%emt 00:03:17]} g5 {[%clk 00:34:53]} {[%emt 00:02:19]} 28. fxg5 {[%clk
00:14:41]} {[%emt 00:02:22]} f4 {[%clk 00:33:20]} {[%emt 00:02:04]} 29. g4
{[%clk 00:08:28]} {[%emt 00:06:43]} Ne3+ {[%clk 00:30:50]} {[%emt 00:03:00]}
30. Bxe3 {[%clk 00:08:27]} {[%emt 00:00:32]} fxe3 {[%clk 00:31:06]} {[%emt
00:00:14]} 31. Rdh1 {[%clk 00:03:16]} {[%emt 00:05:38]} Rxf3 {[%clk 00:26:55]}
{[%emt 00:04:43]} 32. Rxf3 {[%clk 00:03:06]} {[%emt 00:00:40]} Bxf3+ {[%clk
00:25:30]} {[%emt 00:01:55]} 33. Kxf3 {[%clk 00:03:28]} {[%emt 00:00:09]} Rf8+
{[%clk 00:25:53]} {[%emt 00:00:07]} 34. Nf5 {[%clk 00:00:37]} {[%emt 00:03:21]}
exf5 {[%clk 00:25:36]} {[%emt 00:00:47]} 35. Qb3+ {[%clk 00:00:38]} {[%emt
00:00:28]} Qf7 {[%clk 00:25:43]} {[%emt 00:00:24]} 36. Qxf7+ {[%clk 00:00:42]}
{[%emt 00:00:26]} Rxf7 {[%clk 00:26:02]} {[%emt 00:00:11]} 37. Kxe3 {[%clk
00:00:52]} {[%emt 00:00:19]} fxg4 {[%clk 00:26:23]} {[%emt 00:00:10]} 38. Rg1
{[%clk 00:00:33]} {[%emt 00:00:49]} Rf5 {[%clk 00:26:30]} {[%emt 00:00:23]} 39.
Rxg4 {[%clk 00:00:51]} {[%emt 00:00:12]} Rxe5+ {[%clk 00:26:55]} {[%emt
00:00:05]} 40. Kd3 {[%clk 00:00:49]} {[%emt 00:00:32]} b5 {[%emt 00:02:27]} 41.
a4 {[%clk 00:00:58]} {[%emt 00:00:20]} Kg7 {[%clk 00:25:05]} {[%emt 00:00:24]}
42. axb5 {[%clk 00:01:03]} {[%emt 00:00:24]} axb5 {[%clk 00:25:28]} {[%emt
00:00:08]} 43. c4 {[%clk 00:00:33]} {[%emt 00:01:01]} b4 {[%clk 00:25:34]}
{[%emt 00:00:23]} 44. Re4 {[%clk 00:00:50]} {[%emt 00:00:12]} Rxe4 {[%clk
00:25:00]} {[%emt 00:01:04]} 1/2-1/2